The Vendor / (Record no. 267889)
[ view plain ]
| 000 -LEADER | |
|---|---|
| fixed length control field | 00588nam a2200193Ia 4500 |
| 003 - CONTROL NUMBER IDENTIFIER | |
| control field | OSt |
| 005 - DATE AND TIME OF LATEST TRANSACTION | |
| control field | 20260428092211.0 |
| 008 - FIXED-LENGTH DATA ELEMENTS--GENERAL INFORMATION | |
| fixed length control field | 240219s9999||||xx |||||||||||||| ||und|| |
| 020 ## - INTERNATIONAL STANDARD BOOK NUMBER | |
| International Standard Book Number | 9780195736984 |
| 040 ## - CATALOGING SOURCE | |
| Original cataloging agency | Kenya National Library Service |
| 082 ## - DEWEY DECIMAL CLASSIFICATION NUMBER | |
| Classification number | 828.9966762 WAI |
| 100 ## - MAIN ENTRY--PERSONAL NAME | |
| Personal name | Waithaka, Waihenya |
| 245 #4 - TITLE STATEMENT | |
| Title | The Vendor / |
| Statement of responsibility, etc. | Waithaka Waihenya. |
| 300 ## - PHYSICAL DESCRIPTION | |
| Extent | [4],164 pages ; |
| Dimensions | 18 cm |
| 650 ## - SUBJECT ADDED ENTRY--TOPICAL TERM | |
| Topical term or geographic name entry element | English literature. |
| 942 ## - ADDED ENTRY ELEMENTS (KOHA) | |
| Koha item type | Books |
| Source of classification or shelving scheme | Dewey Decimal Classification |
| Classification part | 828.9966762 WAI |
| Withdrawn status | Source of classification or shelving scheme | Damaged status | Not for loan | Collection | Home library | Current library | Shelving location | Date acquired | Source of acquisition | Cost, normal purchase price | Total checkouts | Full call number | Barcode | Date last seen | Price effective from | Koha item type | Public note |
|---|---|---|---|---|---|---|---|---|---|---|---|---|---|---|---|---|---|
| Dewey Decimal Classification | Not for loan | Kenyana | Preservation, Conservation & Publication | Preservation, Conservation & Publication | 04/12/2012 | LEG | 420.00 | 828.9966762 WAI | A013469 | 06/26/2025 | 02/19/2024 | Books | Not for Loan | ||||
| Dewey Decimal Classification | Not for loan | Kenyana | Preservation, Conservation & Publication | Preservation, Conservation & Publication | 04/12/2012 | LEG | 420.00 | 828.9966762 WAI | KNLS502050 | 06/26/2025 | 02/19/2024 | Books | Not for Loan |
